| 000 | 00384cam a2200133 4500 | ||
|---|---|---|---|
| 008 | 170116n 000 0 eng u | ||
| 020 | _a7802000467 | ||
| 035 | _a(Sirsi) a199951 | ||
| 050 | _aC.IL PL 2250 ANC 2005 | ||
| 245 | _aAncient Chinese literature poetry | ||
| 260 |
_aBeijing: _b Sinolingua, _c2005. |
||
| 300 |
_a274p.: _bill. |
||
| 630 | _aChinese literature--Chinese poetry | ||
| 999 |
_c127293 _d127293 |
||